| 000 | 00363nam a2200157Ia 4500 | ||
|---|---|---|---|
| 100 | _aFeher/ Kamilo | ||
| 650 | _aCommunication | ||
| 942 | _cBK | ||
| 654 | _aCommunications | ||
| 245 | _aDigital communications : Microware applications | ||
| 260 |
_bprentice hall _aNew Delhi _c1989 |
||
| 082 | _a530.41 | ||
| 300 | _a269 | ||
| 546 | _aENGLISH | ||
| 999 |
_c28308 _d28308 |
||